000 00195 a2200097 4500
020 _a9789996480850
041 _aspa
100 _aPierre Pierson
245 _aEl Arbol de los Siboles
942 _cBK
999 _c30688
_d30686